Bharatar sangbidhanik sarkar aru ganatantra (Record no. 9901)
[ view plain ]
| 000 -LEADER | |
|---|---|
| fixed length control field | 00580cam a2200217ua 4500 |
| 001 - CONTROL NUMBER | |
| control field | 11005 |
| 005 - DATE AND TIME OF LATEST TRANSACTION | |
| control field | 20260515114704.0 |
| 008 - FIXED-LENGTH DATA ELEMENTS--GENERAL INFORMATION | |
| fixed length control field | 190727n ii |||gr||||Z||||||asm |
| 040 ## - CATALOGING SOURCE | |
| Transcribing agency | MAIN |
| 041 ## - LANGUAGE CODE | |
| Language code of text/sound track or separate title | asm |
| 082 ## - DEWEY DECIMAL CLASSIFICATION NUMBER | |
| Classification number | 320.954 |
| 100 ## - MAIN ENTRY--PERSONAL NAME | |
| Personal name | Nabin Gohain, |
| Relator term | Author. |
| 245 ## - TITLE STATEMENT | |
| Title | Bharatar sangbidhanik sarkar aru ganatantra |
| Statement of responsibility, etc. | By Nabin Gohain |
| 250 ## - EDITION STATEMENT | |
| Edition statement | 1st ed. |
| 260 ## - PUBLICATION, DISTRIBUTION, ETC. | |
| Place of publication, distribution, etc. | Jorhat: |
| Name of publisher, distributor, etc. | Bidya bhawan, |
| Date of publication, distribution, etc. | 2019. |
| 300 ## - PHYSICAL DESCRIPTION | |
| Extent | 425p. |
| 653 ## - INDEX TERM--UNCONTROLLED | |
| Uncontrolled term | Political science |
| 653 ## - INDEX TERM--UNCONTROLLED | |
| Uncontrolled term | Constitutional government and democrary |
| 653 ## - INDEX TERM--UNCONTROLLED | |
| Uncontrolled term | Indian government and politics |
| 942 ## - ADDED ENTRY ELEMENTS (KOHA) | |
| Koha item type | Books |
| Withdrawn status | Lost status | Damaged status | Not for loan | Home library | Current library | Shelving location | Date acquired | Total checkouts | Full call number | Barcode | Date last seen | Date last checked out | Copy number | Price effective from | Koha item type |
|---|---|---|---|---|---|---|---|---|---|---|---|---|---|---|---|
| Naharkatiya College Library | Naharkatiya College Library | General stacks | 09/19/2020 | 12 | 320.954 | GOH | 27967 | 08/07/2025 | 03/22/2025 | 1 | 09/19/2020 | Books | ||||
| Naharkatiya College Library | Naharkatiya College Library | General stacks | 09/19/2020 | 16 | 320.954 | GOH | 27968 | 08/05/2022 | 08/05/2022 | 2 | 09/19/2020 | Books | ||||
| Naharkatiya College Library | Naharkatiya College Library | General stacks | 09/19/2020 | 12 | 320.954 | GOH | 27969 | 06/04/2024 | 06/01/2024 | 3 | 09/19/2020 | Books | ||||
| Naharkatiya College Library | Naharkatiya College Library | General stacks | 09/19/2020 | 12 | 320.954 | GOH | 27970 | 08/27/2022 | 08/27/2022 | 4 | 09/19/2020 | Books | ||||
| Naharkatiya College Library | Naharkatiya College Library | General stacks | 09/19/2020 | 23 | 320.954 | GOH | 27971 | 09/21/2024 | 09/19/2024 | 5 | 09/19/2020 | Books |